000 00516pam a2200193 a 4500
020 _a0849354269
040 _cDLC
082 0 0 _a615 CRC 1984 A044 Or.
245 0 4 _aThe Aminoglycoside antibiotics :
_ba guide to therapy /
260 _aBoca Raton, Fla. :
_bCRC Press,
_cc1984.
300 _a237 p. :
_bill. ;
_c27 cm.
650 0 _aAntibiotics.
650 0 _aAminoglycosides.
650 2 _aAntibiotics
650 2 _aAminoglycosides
700 1 _aBarnes, William G.
700 1 _aHodges, Glenn R.
942 _cEK
999 _c13083
_d13083